|
|
|
|
| LEADER |
01090nam a2200277 a 4500 |
| 001 |
78123326 |
| 008 |
100510s2004 ii a b 001 0 eng d |
| 020 |
|
|
|a 8180690717
|
| 020 |
|
|
|a 9788180690716
|
| 040 |
|
|
|a EEM
|c EEM
|d BD-DhAAL
|
| 082 |
0 |
0 |
|a 363.34/0954
|2 22
|
| 100 |
1 |
|
|a Satendra,
|c Dr.,
|d 1958-
|
| 245 |
1 |
0 |
|a Sustainable rural development for disaster mitigation /
|c Dr. Satendra, Vinod K. Sharma.
|
| 260 |
|
|
|a New Delhi :
|b Concept Pub.,
|c 2004.
|
| 300 |
|
|
|a xvi, 272 p. :
|b ill. (some col.) ;
|c 23 cm.
|
| 504 |
|
|
|a Includes bibliographical references (p. [259]-262) and index.
|
| 541 |
1 |
|
|e 00020156
|
| 650 |
|
0 |
|a Emergency management
|z India.
|
| 650 |
|
0 |
|a Rural development
|z India.
|
| 650 |
|
0 |
|a Disasters
|x Government policy
|z India.
|
| 650 |
|
0 |
|a Disasters
|z India.
|
| 650 |
|
0 |
|a Hazard mitigation
|z India.
|
| 700 |
1 |
|
|a Sharma, Vinod K.
|
| 852 |
4 |
|
|a Ayesha Abed Library
|j General Shelf
|
| 999 |
|
|
|c 8475
|d 8475
|
| 952 |
|
|
|0 0
|1 0
|2 ddc
|4 0
|6 363_340954000000000_SAT_2004
|7 0
|9 9979
|a IGS
|b IGS
|c GEN
|d 2010-05-10
|l 1
|m 3
|o 363.340954 SAT
|p 3010020156
|r 2014-06-09
|s 2012-12-31
|t 1
|w 2010-05-10
|y BK
|